Data Analytics Using Machine Learning Techniques on Cloud Platforms /
Contiene: 1) Análisis de datos y cumplimiento en aprendizaje automático en la nube; 2) Análisis de datos: herramientas y tecnologías; 3) Análisis de datos: enfoque estadístico; 4) Métodos supervisados y no supervisados de aprendizaje automático utilizados en análisis de datos; 5) Oportunidades y...
Kaydedildi:
| Diğer Yazarlar: | |
|---|---|
| Materyal Türü: | Kitap |
| Dil: | İngilizce |
| Baskı/Yayın Bilgisi: |
Boca Ratón, EUA :
Chapman and Hall : CRC Press,
2026, c2026
|
| Konular: | |
| Online Erişim: | Ver documento en línea |
| Etiketler: |
Etiket eklenmemiş, İlk siz ekleyin!
|
MARC
| LEADER | 00000nam^a2200000^a^4500 | ||
|---|---|---|---|
| 001 | 000628170 | ||
| 005 | 20260217000000.0 | ||
| 009 | 20260310134108.079 | ||
| 020 | |a 978-1-003-39677-2 | ||
| 037 | |a Acervo ITESO - Biblioteca | ||
| 041 | |a ING | ||
| 082 | |a 621. 382171 |b DAT | ||
| 245 | 0 | 0 | |a Data Analytics Using Machine Learning Techniques on Cloud Platforms / |c S. Rawat... [et al.]. |
| 264 | 4 | |a Boca Ratón, EUA : |b Chapman and Hall : |b CRC Press, |c 2026, c2026 | |
| 264 | 2 | |a Birmingham, EUA : |b EBSCOhost [distribución], |c 2026 | |
| 300 | |a 1 libro electrónico en línea (XX, 183 p.) | ||
| 300 | |a 1 recurso en línea | ||
| 336 | |a datos para computadora |b cod |2 rdacontenido | ||
| 337 | |a computadora |b c |2 rdamedio | ||
| 338 | |a recurso en línea |b cr |2 rdasoporte | ||
| 506 | 1 | |a 1 licencia | |
| 520 | |a Contiene: 1) Análisis de datos y cumplimiento en aprendizaje automático en la nube; 2) Análisis de datos: herramientas y tecnologías; 3) Análisis de datos: enfoque estadístico; 4) Métodos supervisados y no supervisados de aprendizaje automático utilizados en análisis de datos; 5) Oportunidades y desafíos para el análisis de datos integrado con aprendizaje automático; 6) Computación en la nube: un cambio en la infraestructura de TI; 7) Redefiniendo el análisis de datos con ML y la nube; 8) Análisis de datos y nube juntos: una poderosa combinación para el comercio electrónico y la logística de la cadena de suministro; 9) Análisis de datos, aprendizaje automático y nube juntos: una poderosa combinación para la atención médica y la educación; 10) Problemas de seguridad y privacidad para el análisis de datos utilizando aprendizaje automático en la computación en la nube; 11) Tendencias futuras para el análisis de datos basado en ML en la nube. | ||
| 521 | |a Peticiones 2026 | ||
| 649 | |a XX | ||
| 650 | |a Aprendizaje Automático (Inteligencia Artificial) | ||
| 650 | |a Blockchain (Base de Datos) | ||
| 650 | |a Big Data | ||
| 650 | |a Bases de Datos - |x Seguridad | ||
| 650 | |a Bases de Datos | ||
| 650 | |a Análisis de Datos - |x Tema Principal | ||
| 650 | |a Computación en la Nube - |x Tema Principal | ||
| 650 | |a Seguridad Informática | ||
| 650 | |a Ingeniería Computacional | ||
| 700 | |a Rawat, Seema |e (autor) | ||
| 856 | 4 | 0 | |u http://ezproxy.iteso.mx/login?url=https://search.ebscohost.com/login.aspx?direct=true&scope=site&db=nlebk&db=nlabk&AN=4228731 |y Ver documento en línea |
| 910 | |a Fondo General | ||
| 920 | |a Electrónicos - Libros en Línea | ||
| 930 | |a Plataforma Digital | ||
| 905 | |a 205 | ||
| 901 | |a 628170-1 |b IT2 |c EBO |i C |u 20260217 | ||
| 902 | |a https://opac.biblio.iteso.mx/vufind/Record/000628170 | ||